000 00627nam a2200193Ia 4500
003 IN-BaIIA
008 211028s9999 xx 000 0 eng d
040 _cIIA Library
080 _a083.7:669.14-42
_bISI
110 _aIndian Standards Institution
245 0 _aIndian standard dimensions for round and square steel bars for structural and general engineering purposes
_cIndian Standards Institution
260 _aNew Delhi
_bIndian Standards Institution
_c1973
300 _a6p.
500 _aIS 1732 : 1971
650 _a Square Steel Bars
_99343
650 _a Standards 
650 _aNASA Thesaurus 
942 _cBK
999 _c5359
_d5359